000 01106cam a22003257a 4500
003 CHAP
005 20220329133821.0
008 971013d1987 mx ad r 00010 spa d
010 _a11306
011 _a12278
020 _a9684518471
035 _a14804
040 _cCHAP
082 0 4 _a511
_bC3Y
100 0 0 _aChapra, Steven C.
_921940
245 1 0 _aMétodos numéricos para ingenieros:
_bcon aplicaciones en computadoras personales
_c/por Steven C. Chapra y Raymond P. Canale
260 _aMéxico, D. F. :
_bMcGraw-Hill,
_c1987
300 _a641 p. :
_bilus. ; gráfs. ; cuadros ; diagramas
590 _aBATCH-UPD
_b10
_c20130110
_lUCH01
_h0845
590 _aBATCH-UPD
_b10
_c20130410
_lUCH01
_h0519
590 _aBATCH-UPD
_b10
_c20130914
_lUCH01
_h0349
590 _aCONVERSION
_b10
_c20130109
_lUCH01
_h1307
650 1 4 _aAnálisis numérico.
_95991
650 1 4 _aComputación
_xMatemáticas.
_926126
650 1 4 _aIngeniería de sistemas.
_958218
700 0 _aCanale, Raymond P.
_918254
901 _aBK
942 _cLIBRO
949 _a511 C3Y
_bBC
_cLIBRO
_d33724000954046
_eLIBRO
_h105256
_i14804
_si
999 _c11306
_d11306